| 000 | 00752nam a22002177a 4500 | ||
|---|---|---|---|
| 999 |
_c21253 _d21253 |
||
| 003 | AR-CdUCM | ||
| 008 | 190513b ||||| |||| 00| 0 spa d | ||
| 040 |
_aMUNICIPALIDAD PROVINCIAL DEL CUSCO _cBIBLIOTECA MUNICIPAL DEL CUSCO |
||
| 082 |
_a535/P22 _bP22 |
||
| 100 |
_aPareja Cabrera, Julio César _935021 |
||
| 245 | _aFundamentos básicos de iluminación / | ||
| 260 |
_aCusco; _bModerna, _c2014. |
||
| 300 |
_a114 Páginas. : _c20 cm. |
||
| 505 | _aContenido: Definición de la luz -- Óptica -- Fundamentos generales -- Iluminación -- Reparticiones simétricas y asimétricas ... | ||
| 650 |
_aEnergía _915841 |
||
| 650 |
_aIluminación _922620 |
||
| 650 |
_aÓptica _944399 |
||
| 650 |
_aLuz _915838 |
||
| 942 |
_2ddc _cLIBROS |
||
| 945 | _aRoel | ||